Library of the University of Algiers 3
Ibrahim Sultan Cheibout
شعار جامعة الجزائر 3
مكتبة جامعة الجزائر 3
إبراهيم سلطان شيبوط

النظام الاحصائي SPSS : (رقم التسجيلة. 42885)

تفاصيل مارك
000 -LEADER
fixed length control field 02400nam a2200229Ia 4500
003 - CONTROL NUMBER IDENTIFIER
control field Ost
005 - DATE AND TIME OF LATEST TRANSACTION
control field 20260507075110.0
008 - FIXED-LENGTH DATA ELEMENTS--GENERAL INFORMATION
fixed length control field 260507s9999||||xx |||||||||||||| ||und||
040 ## - CATALOGING SOURCE
Transcribing agency fsecg
041 ## - LANGUAGE CODE
Language code of text/sound track or separate title ara
082 ## - DEWEY DECIMAL CLASSIFICATION NUMBER
Classification number 330
100 ## - MAIN ENTRY--PERSONAL NAME
Personal name الزغبي، محمد بلال
Relator term مؤلف
245 #0 - TITLE STATEMENT
Title النظام الاحصائي SPSS :
Remainder of title فهم وتحليل البيانات للإحصائية /
Statement of responsibility, etc. محمد بلال الزغبي
260 ## - PUBLICATION, DISTRIBUTION, ETC.
Place of publication, distribution, etc. عمان:
Name of publisher, distributor, etc. دار وائل للطباعة والنشر,
Date of publication, distribution, etc. 2003
300 ## - PHYSICAL DESCRIPTION
Extent 275 صفحة؛
Other physical details جداول وأشكال
Dimensions 24 سم
520 ## - SUMMARY, ETC.
Summary, etc. يحتوي هذا الكتاب على جوانب التي يحتاجها الباحث بشكل متسلسل ومفصل ففي الفصل الأول مقدمة إلى علم الاحصاء وتعريف بالمتغيرات وأنواعها والعينات وطرق جمع البيانات احتوى الفصلان الثاني والثالث الخطوات التالية بعد جمع البيانات وهي عملية الترميز وادخال البيانات التعامل مع الملفاتوتجهيزاها تمهيد لعملية التحليل واشتمل الفصل الرابع على الاجراءات التنظيمية للملفات التي تسبق عملية التحليل من انشاء لمتغيرات جديدة ستستخدم في التحليل أو اعادة لترميز المتغيرات الموجودة وذلك تمهيد التحليل ، أما الفصول التالية فقد تناولت عمليات تحليل البيانات ففي الفصلين الخامس والسادس شرح للاجراءات الاحصائية التي تستخدم لوصف المتغيرات بجميع أنواعها سواء من خلا الطرق الوصفية الرقمية أم الرسوم البيانية وقد أضيف اجراء crosstals اختبار مربع كاي وتطرقت الفصول 7-8-9- إلى الطرق الاحصائية المتقدمة المستخدمة لاجراء الاختبارات الاحصائية تمهيد لاتخاذ القرارات ، وذلك من خلال مجموعة من الامثلة الحقيقية لمشكلات بحثية .
653 ## - INDEX TERM--UNCONTROLLED
Uncontrolled term البرمجة
653 ## - INDEX TERM--UNCONTROLLED
Uncontrolled term نظام احصائي
653 ## - INDEX TERM--UNCONTROLLED
Uncontrolled term spss الحاسوب
700 ## - ADDED ENTRY--PERSONAL NAME
Personal name الطلافحة، عباس أ.
Relator term مؤلف ثانوي
942 ## - ADDED ENTRY ELEMENTS (KOHA)
Koha item type كتب
المقتنيات
Withdrawn status Lost status Source of classification or shelving scheme Damaged status Not for loan Home library Current library Date acquired Serial enumeration / chronology Inventory number Total checkouts Full call number Barcode Date last seen Price effective from Koha item type
    Dewey Decimal Classification   NOT LOAN / إعارة داخلية مكتبة كلية العلوم الإقتصادية والعلوم التجارية وعلوم التسيير مكتبة كلية العلوم الإقتصادية والعلوم التجارية وعلوم التسيير 07/05/2026 الطابق الأرضي 1487/1   أ/1487ن1 1487/1 07/05/2026 07/05/2026 كتب
    Dewey Decimal Classification   Available مكتبة كلية العلوم الإقتصادية والعلوم التجارية وعلوم التسيير مكتبة كلية العلوم الإقتصادية والعلوم التجارية وعلوم التسيير 07/05/2026 الطابق الثاني 1487/2   أ/1487ن2 1487/2 07/05/2026 07/05/2026 كتب

موارد الويب المفتوحة


© University of Algiers 3 All Rights Reserved
|
Implemented by LECHELAH Riad